|
|
|
|
| LEADER |
01900nam a2200337 a 4500 |
| 001 |
0020918 |
| 003 |
BD-DhAAL |
| 008 |
101027s1975 bg w 000 0 eng d |
| 040 |
|
|
|a BD-DhAAL
|c BD-DhAAL
|
| 082 |
0 |
0 |
|a 348.5492046
|
| 130 |
0 |
|
|a DLR
|9 3998
|
| 245 |
0 |
4 |
|a The Dacca law reports :
|b a monthly law journal : table of cases of the appellate division of the Supreme Court of Bangladesh.
|n Volume XXVII /
|c Obaidul Haque Chowdhury, editor.
|
| 246 |
1 |
7 |
|a The Dhaka Law Reports.
|
| 260 |
|
|
|a Dacca [Bangladesh] :
|b Dhaka Law Reports,
|c 1975.
|
| 300 |
|
|
|a Various p. ;
|c 25 cm
|
| 362 |
0 |
|
|a Vol. 27 (1975)
|
| 500 |
|
|
|a Table of cases of the appellate division of the Supreme Court of Bangladesh.
|
| 500 |
|
|
|a "A journal of law reports."
|
| 500 |
|
|
|a Latest issue consulted: Vol. XXVII, January to December, 1975
|
| 526 |
|
|
|a SOL
|x Saira Rahman Khan,
Associate Professor
School of Law
BRAC University
|
| 541 |
|
|
|e 0020918, 0022312
|a Anupam Gyan Bhandar
|
| 590 |
|
|
|a Published yearly.
|
| 650 |
|
0 |
|a Law reports, digests, etc.
|z Bangladesh.
|9 3999
|
| 650 |
|
0 |
|a Law reports, digests, etc.
|z India
|z Bengal.
|9 4000
|
| 710 |
1 |
|
|a Chowdhury, Obaidul Haque.
|9 3864
|
| 852 |
1 |
|
|a Ayesha Abed Library
|c Reference shelf
|
| 942 |
|
|
|2 ddc
|c 1HOUR
|
| 999 |
|
|
|c 10677
|d 10677
|
| 952 |
|
|
|0 0
|1 0
|2 ddc
|4 0
|6 348_549204600000000_DAC
|7 0
|8 REF
|9 16043
|a BRACUL
|b BRACUL
|c REF
|d 2011-04-10
|l 4
|o 348.5492046 DAC
|p 3010022312
|r 2018-07-24
|s 2018-07-24
|t 2
|w 2011-04-10
|y 1HOUR
|
| 952 |
|
|
|0 0
|1 0
|2 ddc
|4 0
|6 348_549204600000000_DAC
|7 0
|8 REF
|9 23973
|a BRACUL
|b BRACUL
|c REF
|d 2014-03-18
|e Anupam Gyan Bhandar
|l 0
|o 348.5492046 DAC
|p 3010020918
|r 2014-03-18
|t 1
|w 2014-03-18
|y 1HOUR
|x Requisitioned by Saira Rahman Khan, Associate Professor, School of Law, BRAC University.
|
| 952 |
|
|
|0 0
|1 0
|2 ddc
|4 0
|6 348_549200000000000_046_DAC
|7 0
|8 REF
|9 54145
|a BRACUL
|b BRACUL
|c REF
|d 2015-06-08
|g 994.00
|l 4
|o 348.5492046 DAC
|p 3010029134
|r 2017-03-16
|s 2017-03-16
|t 3
|w 2015-06-08
|y 1HOUR
|